000 00900nas a2200313 4500
001 BR0707000
003 BR-BrBNA
005 20231205111340.0
007 ta
008 230509b bl.|||p| |||| 00| 00por d
040 _aBR-BrBNA
_bpor
_cBiblioteca Nacional de Agricultura
041 _a(Pt)
072 _aK10
100 1 _aLoureiro, A.A.
100 1 _aSilva, M.F. da
245 1 _aContribuição ao estudo dendrológico de 5 Parkias (Leguminosae)da Amazonia
650 _aBOTÂNICA
650 _aÁRVORE ORNAMENTAL
650 _aÁRVORE FLORESTAL
650 _aPARKIA LEGUMINASAE
650 _aPARKIA PENDULA
650 _aPARKIA MULTIJUGA
650 _aMADEIRA
650 _aHABITAT
650 _aDENDROLOGIA
773 0 _tActa Amazonica (Brazil)
_xISSN 0044-5967
_g(Aug 1972), v. 2(2) p. 71-85
_wBR0707000
909 _a202311
_bLúcia
_c55
_dLúcia Elande
942 _2AGRIS
_n0
_cANA
999 _c192193
_d192193